LEADER 01400nam 2200397 450 001 9910711598503321 005 20181023131913.0 035 $a(CKB)5470000002484062 035 $a(OCoLC)1057557371 035 $a(EXLCZ)995470000002484062 100 $a20181023d2018 ua 0 101 0 $aeng 135 $aurbn||||a|||| 181 $ctxt$2rdacontent 182 $cc$2rdamedia 183 $acr$2rdacarrier 200 10$aDrugs for dollars $ehow Medicaid helps fuel the opioid epidemic : a majority staff report of the Committee on Homeland Security and Governmental Affairs, United States Senate 210 1$a[Washington, D.C.] :$cUnited States Senate, Committee on Homeland Security and Governmental Affairs,$d[2018] 215 $a1 online resource (163 pages) $ccolor illustrations 300 $a"January 17, 2018." 320 $aIncludes bibliographical references. 517 $aDrugs for dollars 606 $aOpioid abuse$zUnited States 606 $aOpioids$xOverdose$zUnited States 606 $aDrugs$xPrescribing$xCorrupt practices$zUnited States 606 $aMedicaid fraud 615 0$aOpioid abuse 615 0$aOpioids$xOverdose 615 0$aDrugs$xPrescribing$xCorrupt practices 615 0$aMedicaid fraud. 801 0$bGPO 801 1$bGPO 906 $aBOOK 912 $a9910711598503321 996 $aDrugs for dollars$93443381 997 $aUNINA